Online Catalogue and eLibrary

CSEC: (Record no. 1532)

MARC details
000 -LEADER
fixed length control field 00431nam a2200169Ia 4500
005 - DATE AND TIME OF LATEST TRANSACTION
control field 20250120005431.0
008 - FIXED-LENGTH DATA ELEMENTS--GENERAL INFORMATION
fixed length control field 240331s9999 xx 000 0 und d
020 ## - INTERNATIONAL STANDARD BOOK NUMBER
ISBN 9558309133
082 ## - DDC Classification
Item Number - Author Mark SEN
DDC Edition Number 5500
Class No. 305.23
245 #4 - TITLE STATEMENT
Title CSEC:
Remainder of title The Crime Against Children
260 ## - PUBLICATION, DISTRIBUTION, ETC.
Name of publisher, distributor, etc. The P.E.A.C.E. Campaign
Date of publication, distribution, etc. 2006
300 ## - PHYSICAL DESCRIPTION
Extent (e.g. Volumes, Pages etc.) 249 p.,
650 ## - SUBJECT ADDED ENTRY--TOPICAL TERM
Topical term or geographic name entry element Children
650 ## - SUBJECT ADDED ENTRY--TOPICAL TERM
Topical term or geographic name entry element Sexual Exploitation
700 ## - ADDED ENTRY--PERSONAL NAME
Personal name Seneviratne, M
Relator term (Role) Editor
942 ## - Koha item type (Biblio)
Koha item type Books in Stacks (Lending)
Holdings
Lost status Damaged status Collection code Home library Current library Shelving location Date acquired Full call number Accession Number Item type
    Lending WERC Library WERC Library Social Science Cupboard 03/31/2024 305.23 CSE 5500 Books in Stacks (Lending)

© WERC Library